[Event "Cammeray Norths op"]
[Site "Cammeray"]
[Date "2011.01.06"]
[Round "5"]
[White "Carden, Matthew"]
[Black "Art, Carl"]
[Result "0-1"]
[WhiteElo "1146"]
[BlackElo "1247"]
[PlyCount "71"]
[EventDate "2011.01.02"]
[EventType "swiss"]
[EventRounds "7"]
[EventCountry "AUS"]
[SourceTitle "EXT 2013"]
[Source "ChessBase"]
[SourceDate "2012.11.22"]
[SourceVersion "1"]
[SourceVersionDate "2012.11.22"]
[SourceQuality "1"]

1. d4 f5 2. Nf3 g6 3. c4 Nf6 4. Nc3 Bg7 5. e3 d6 6. Be2 c6 7. 0-0 0-0 8. Qb3 Qb6 9. Qa4 Nbd7 10. Ng5 e5 11. Ne6 Re8 12. c5 dxc5 13. Bc4 Kh8 14. Nxg7 Kxg7 15. dxe5 Nxe5 16. Be2 Be6 17. e4 Qb4 18. exf5 Bxf5 19. a3 Qxa4 20. Nxa4 c4 21. Be3 b6 22. Nc3 Rad8 23. Rac1 Nd5 24. Bd4 Bd3 25. Bxd3 cxd3 26. Rce1 Kf6 27. f4 Nxf4 28. Rxf4+ Kg5 29. Be3 Ng4 30. Re4+ Nxe3 31. R1xe3 Rxe4 32. Rxe4 d2 33. Nd1 Kf5 34. Re3 a5 35. Kf1 c5 36. Ke2 0-1

[Event "Cammeray Norths CC op"]
[Site "Cammeray"]
[Date "2010.01.09"]
[Round "7"]
[White "Harrison, Joe"]
[Black "Carden, Matthew"]
[Result "1-0"]
[WhiteElo "1017"]
[BlackElo "1208"]
[PlyCount "33"]
[EventDate "2010.01.02"]
[EventType "swiss"]
[EventRounds "7"]
[EventCountry "AUS"]
[SourceTitle "EXT 2011"]
[Source "ChessBase"]
[SourceDate "2010.11.26"]
[SourceVersion "1"]
[SourceVersionDate "2010.11.26"]
[SourceQuality "1"]

1. e4 e5 2. d4 Qh4 3. Nc3 Bb4 4. Nf3 Qxe4+ 5. Be3 exd4 6. Nxd4 a6 7. Nf3 Nf6 8. Bd3 Bxc3+ 9. bxc3 Qc6 10. 0-0 0-0 11. Re1 d6 12. Bd4 Bg4 13. Bxf6 Bxf3 14. gxf3 gxf6 15. f4 Re8 16. Qh5 Kf8 17. Qh6+ 1-0

[Event "Cammeray Norths CC op"]
[Site "Cammeray"]
[Date "2010.01.02"]
[Round "1"]
[White "Carden, Matthew"]
[Black "Liuga, Victor"]
[Result "0-1"]
[WhiteElo "1208"]
[BlackElo "1469"]
[PlyCount "80"]
[EventDate "2010.01.02"]
[EventType "swiss"]
[EventRounds "7"]
[EventCountry "AUS"]
[SourceTitle "EXT 2011"]
[Source "ChessBase"]
[SourceDate "2010.11.26"]
[SourceVersion "1"]
[SourceVersionDate "2010.11.26"]
[SourceQuality "1"]

1. e4 d5 2. exd5 Nf6 3. Nc3 Bg4 4. Nf3 Nxd5 5. Nxd5 Qxd5 6. Be2 Nc6 7. 0-0 e6 8. c3 Be7 9. Qa4 Bh5 10. Qd1 0-0 11. Nd4 Bxe2 12. Nxe2 Bg5 13. d4 Rad8 14. Qc2 Bf6 15. Nf4 Qa5 16. Be3 e5 17. dxe5 Bxe5 18. Qb3 Qa6 19. g3 b6 20. Rfd1 Na5 21. Qc2 Nc4 22. a4 Nxe3 23. fxe3 Qb7 24. Qb3 Qf3 25. Ng2 a5 26. Rf1 Qe4 27. Rf2 Bd6 28. Raf1 Qe7 29. Rd1 Bc5 30. Rxd8 Rxd8 31. c4 Qe4 32. Rf4 Qd3 33. Qxd3 Rxd3 34. Rf3 Rb3 35. h3 Rxb2 36. Rf2 Rb4 37. Rd2 Kf8 38. Rd8+ Ke7 39. Rd3 Rxc4 40. Nf4 c6 0-1